Purpose-Built Capital Cities - Statistics

General Stats
  • This quiz has been taken 30 times
  • The average score is 6 of 15
Answer Stats
Continent Capital City % Correct
South America Brasília
96%
Oceania Canberra
88%
North America Washington, D.C.
88%
Africa Abuja
81%
Asia New Delhi
58%
North America Belmopan
50%
Asia Islamabad
42%
South America Lima
27%
Asia Baghdad
23%
Oceania Palikir
15%
Oceania Ngerulmud
12%
Africa Gaborone
8%
Africa Nouakchott
8%
Europe Valletta
8%
North America Bridgetown
4%
No matching quizzes found
Score Distribution
Percent of People with Each Score
Percentile by Number Answered
Your Score History
You have not taken this quiz